Tělo 2.0 : hranice těla a podoby bolesti /

Hlavní autor: Soukup, Martin, 1977-
Další autoři: König Dudziaková, Marie, 1987-, Dvořáková, Michaela, 1985-, Kadlecová, Jana, 1990-, Rychlík, Martin, 1977-
Jazyk: Čeština
Vydáno: Červený Kostelec : Pavel Mervart, 2017
Edice: Antropos (Pavel Mervart)
Témata:
Fyzický popis: 179 stran : ilustrace ; 22 cm
Language note: Anglické resumé
Knihy
Uloženo v:
LEADER 02775nam a2200733 i 4500
001 nkc20182981097
003 CZ PrNK
005 20210503105947.0
007 ta
008 180222s2017 xr a f 001 0 cze
015 |a cnb002981097 
020 |a 978-80-7465-288-2  |q (vázáno) 
035 |a (OCoLC)1028225255 
040 |a ABA001  |b cze  |e rda 
041 0 |a cze  |b eng 
072 7 |a 572  |x Fyzická antropologie  |2 Konspekt  |9 1 
080 |a 572.5/.7  |2 MRF 
080 |a 611/612  |2 MRF 
080 |a 572.026  |2 MRF 
080 |a 39  |2 MRF 
080 |a 316.72/.75  |2 MRF 
080 |a 101  |2 MRF 
080 |a 796.011  |2 MRF 
080 |a 159.942.4  |2 MRF 
080 |a 616.8-009.7  |2 MRF 
080 |a (048.8:082)  |2 MRF 
100 1 |a Soukup, Martin,  |d 1977-  |7 mzk2005312982  |4 aut 
245 1 0 |a Tělo 2.0 :  |b hranice těla a podoby bolesti /  |c Martin Soukup, Marie König Dudziaková, Michaela Dvořáková, Jana Kadlecová, Martin Rychlík 
246 3 0 |a Tělo 
246 3 0 |a Hranice těla a podoby bolesti 
264 1 |a Červený Kostelec :  |b Pavel Mervart,  |c 2017 
300 |a 179 stran :  |b ilustrace ;  |c 22 cm 
336 |a text  |b txt  |2 rdacontent 
337 |a bez média  |b n  |2 rdamedia 
338 |a svazek  |b nc  |2 rdacarrier 
490 1 |a Antropos ;  |v svazek 9 
504 |a Obsahuje bibliografii, bibliografické odkazy a rejstřík 
546 |a Anglické resumé 
650 0 7 |a lidské tělo  |7 ph122345  |2 czenas 
650 0 7 |a kulturní antropologie  |7 ph122018  |2 czenas 
650 0 7 |a lidské tělo  |7 ph122345  |x etnografické aspekty  |2 czenas 
650 0 7 |a lidské tělo  |7 ph122345  |x kulturní aspekty  |2 czenas 
650 0 7 |a lidské tělo  |7 ph122345  |x filozofické aspekty  |2 czenas 
650 0 7 |a tělesnost  |7 ph126831  |2 czenas 
650 0 7 |a bolest  |7 ph118958  |2 czenas 
650 0 9 |a human body  |2 eczenas 
650 0 9 |a cultural anthropology  |2 eczenas 
650 0 9 |a human body  |x ethnographical aspects  |2 eczenas 
650 0 9 |a human body  |x cultural aspects  |2 eczenas 
650 0 9 |a human body  |x philosophical aspects  |2 eczenas 
650 0 9 |a corporeality  |2 eczenas 
650 0 9 |a pain  |2 eczenas 
655 7 |a kolektivní monografie  |7 fd501537  |2 czenas 
655 9 |a collective monographs  |2 eczenas 
700 1 |a König Dudziaková, Marie,  |d 1987-  |7 jcu2016901270  |4 aut 
700 1 |a Dvořáková, Michaela,  |d 1985-  |7 jcu2016901360  |4 aut 
700 1 |a Kadlecová, Jana,  |d 1990-  |7 xx0222257  |4 aut 
700 1 |a Rychlík, Martin,  |d 1977-  |7 mzk2005309156  |4 aut 
830 0 |a Antropos (Pavel Mervart)  |0 s 
910 2 |a BOA001  |b 2-1409.174 
990 |a BK 
995 |a 01 
996 6 |b 2610744088  |c 2-1409.174  |l MZK  |r Sklad / do 1 hodiny  |n 3  |p p.v.  |w 001664311  |u 000010  |a 1  |e BOA001  |j MZK50  |s P 
996 7 |b 2610745438  |c 2-1409.174  |l Vol.výběr  |r VV 0p  |n 7  |p kup  |h 572 SOU  |w 001664311  |u 000020  |a 0  |e BOA001  |j MZK50  |s A